000 00682nam a2200229Ia 4500
001 16045
003 GE_BSU
008 181216s||||||||xx |||||||||||||| ||und||
040 _cGE_BSU
080 _a821.353.1-32
100 _aხერგიანი, მ.
245 _aგადასასვლელი
245 _bმოთხრობები
245 _cრედ.ც.ჩხაიძე. მხ. ვ.ონიანი
260 _aთბილისი
260 _bნაკადული
260 _c1971
300 _a203გვ. ; 19სმ
653 _aგადასასვლელი
653 _aმოთხრობები
942 _cBK
999 _c49135
_d49135